[Event "Challenge"]
[Site "http://www.queenalice.com/game.php?id=1563132"]
[Date "2019.3.5"]
[Round "-"]
[White "WLAO"]
[Black "conan"]
[Result "0-1"]
[WhiteElo "1520"]
[BlackElo "1865"]

1. e4 e5 2. Nf3 f6 3. b3 a6 4. Bc4 Ne7 5. d4 b5 6. Be2 d6 7. Ba3 g5 8. dxe5 dxe5
9. Qxd8+ Kxd8 10. Nbd2 Nec6 11. Bxf8 Rxf8 12. c4 Nd4 13. Nxd4 exd4 14. cxb5 axb5
15. O-O Ba6 16. Nf3 Re8 17. Nxd4 b4 18. Bxa6 Rxa6 19. a4 bxa3 20. Nb5 Rxe4 21.
Rfd1+ Kc8 22. g3 Rb4 23. Rd5 Rxb3 24. Rc5 Rc6 25. Rxc6 Nxc6 26. Nxa3 Nd4 27. Nc4
Rc3 28. Ra8+ Kb7 29. Ra4 Nf3+ 30. Kg2 g4 31. Na5+ Kc8 32. Rb4 h5 33. Rf4 Rc5 34.
Nb3 Rc3 35. Nd4 Nxd4 36. Rxd4 Rf3 37. Re4 Kd7 38. Rd4+ Kc6 39. Rc4+ Kb6 40. Rb4+
Kc5 41. Rb2 Kc4 42. Rc2+ Rc3 43. Re2 c5 44. Re4+ Kb5 45. Rf4 Rf3 46. Re4 f5 47.
Re7 Kb4 48. h4 c4 49. Rh7 c3 50. Rxh5 c2 51. Rh7 c1=Q 52. Rb7+ Ka3 53. Ra7+ Kb2
54. Rb7+ Rb3 55. Re7 Qc6+ 56. Kg1 Rc3 57. Re2+ Rc2 58. Rxc2+ Kxc2 59. h5 Qh6 60.
Kf1 Qxh5 61. Ke2 Qh2 62. Ke3 Kd1 63. Kf4 Qxf2+ 64. Kg5 Qxg3 65. Kxf5 Qf3+ 66.
Kg5 g3 67. Kh4 g2 68. Kg5 g1=Q+ 69. Kh6 Qfh1# 0-1

[Event "Challenge"]
[Site "http://www.queenalice.com/game.php?id=1564785"]
[Date "2019.3.19"]
[Round "-"]
[White "jorm"]
[Black "conan"]
[Result "0-1"]
[WhiteElo "1894"]
[BlackElo "1867"]

1. e4 e5 2. Nc3 c6 3. a3 b5 4. Nf3 f6 5. d4 a5 6. Nb1 d6 7. h3 g5 8. dxe5 dxe5
9. Bd3 Bc5 10. O-O Ne7 11. c4 b4 12. axb4 Bxb4 13. Nh2 h5 14. b3 Na6 15. Bd2
Bxd2 16. Nxd2 Qxd3 17. Rxa5 g4 18. h4 Kf7 19. g3 Rd8 20. Ra2 Bb7 21. Re1 Nb4 22.
Rxa8 Bxa8 23. Nhf1 c5 24. Re3 Qd4 25. f3 gxf3 26. Qxf3 Nc2 27. Qxh5+ Ke6 28. Nf3
Qd1 29. Ng5+ fxg5 30. Rf3 Bxe4 31. Rf6+ Kxf6 0-1

[Event "Challenge"]
[Site "http://www.queenalice.com/game.php?id=1568231"]
[Date "2019.4.19"]
[Round "-"]
[White "conan"]
[Black "WLAO"]
[Result "1/2-1/2"]
[WhiteElo "1884"]
[BlackElo "1563"]

1. e4 e5 2. a3 Nc6 3. c3 g6 4. g3 Bh6 5. h4 Nf6 6. f3 d5 7. d3 Bxc1 8. Qxc1 d4
9. c4 b6 10. b4 Bb7 11. Bh3 Qe7 12. Ne2 Nd7 13. Bxd7+ Qxd7 14. h5 O-O-O 15. Qg5
h6 16. Qf6 g5 17. Qf5 Qxf5 18. exf5 Ne7 19. Rf1 Nxf5 20. f4 Ne3 21. Nd2 Nxf1 22.
Kxf1 gxf4 23. gxf4 exf4 24. Nxf4 Rhg8 25. Kf2 Rg4 26. Nd5 Bxd5 27. cxd5 Rxd5 28.
Rg1 Rf5+ 29. Nf3 Rgf4 30. Rg8+ Kb7 31. Rg3 Rxh5 32. Kg2 Rd5 33. Rh3 Rdf5 34. a4
h5 35. Kf2 h4 36. Kg2 a5 37. Nxh4 Rf2+ 38. Kg3 R2f4 39. Nxf5 Rxf5 40. b5 Rg5+
41. Kf4 f6 42. Rh6 Rg2 43. Rxf6 Rf2+ 44. Ke5 Rxf6 45. Kxf6 c5 46. Ke5 Kc7 47.
Kd5 Kd7 48. Ke5 Ke7 49. Kd5 Kd7 50. Ke5 Kc7 51. Kd5 Kd7 52. Ke5 Kc7 53. Kd5 Kd7
54. Ke5 Ke7 55. Kd5 Kd7 56. Ke5 Kc7 57. Kd5 Kd7 58. Ke5 Ke7 59. Kd5 Kd7 60. Ke5
Ke7 61. Kd5 Kd7 62. Ke5 1/2-1/2

[Event "Challenge"]
[Site "http://www.queenalice.com/game.php?id=1568622"]
[Date "2019.4.23"]
[Round "-"]
[White "conan"]
[Black "jorm"]
[Result "0-1"]
[WhiteElo "1844"]
[BlackElo "1845"]

1. e4 c5 2. a4 a6 3. f4 e6 4. h4 h6 5. Nf3 d5 6. e5 Ne7 7. c4 Nf5 8. Rh3 Be7 9.
g3 g6 10. Qb3 d4 11. a5 Nc6 12. Qb6 Qd7 13. h5 Bd8 14. Qxc5 Qc7 15. hxg6 fxg6
16. g4 Qe7 17. Qxe7+ Nfxe7 18. d3 Bxa5+ 19. Bd2 Bxd2+ 20. Nbxd2 Bd7 21. Nb3 Nb4
22. Nfxd4 Nec6 23. Bg2 Rc8 24. Kd2 b5 25. Rxa6 Nxa6 26. Nxb5 Ke7 27. Nd6 Rcf8
28. Bxc6 Bxc6 29. Nd4 Bg2 30. Rh2 Rxf4 31. Rxg2 Rxd4 32. Ke3 Rxd6 33. exd6+ Kxd6
34. d4 Nb4 35. Rf2 g5 36. Ke4 h5 37. gxh5 Rxh5 38. Rf6 Ke7 39. Rf3 Rh4+ 40. Ke5
Nc6# 0-1

[Event "Challenge"]
[Site "http://www.queenalice.com/game.php?id=1571736"]
[Date "2019.5.21"]
[Round "-"]
[White "WLAO"]
[Black "conan"]
[Result "1-0"]
[WhiteElo "1598"]
[BlackElo "1871"]

1. b3 e5 2. e4 c6 3. Nf3 f6 4. d3 g5 5. Nfd2 h5 6. g3 b5 7. Be2 g4 8. Bb2 Qa5 9.
a3 b4 10. a4 d5 11. exd5 Qxd5 12. Rg1 Nd7 13. Ne4 Nc5 14. Nbd2 Nxe4 15. Nxe4 Bh6
16. Rf1 f5 17. Nd2 Bxd2+ 18. Qxd2 Ba6 19. O-O-O Rh7 20. Qg5 Qe6 21. Qd2 c5 22.
Kb1 O-O-O 23. Rfe1 e4 24. Qg5 exd3 25. Bxd3 Qh6 26. Qxf5+ Rhd7 27. Bxa6+ Qxa6
28. Rxd7 Rxd7 29. Re8+ Kc7 30. Rxg8 Rd1+ 31. Ka2 Qc6 32. Qc8+ Kb6 33. Qb8+ Qb7
34. Rg6+ 1-0

[Event "Challenge"]
[Site "http://www.queenalice.com/game.php?id=1572995"]
[Date "2019.6.1"]
[Round "-"]
[White "josebaron"]
[Black "conan"]
[Result "0-1"]
[WhiteElo "2115"]
[BlackElo "1828"]

1. e4 e5 2. Bc4 c6 3. Nc3 b5 4. Bb3 a5 5. a3 Nf6 6. Nf3 d6 7. h3 h6 8. d4 exd4
9. Nxd4 a4 10. Ba2 Ba6 11. b4 axb3 12. Bxb3 c5 13. Ndxb5 Bxb5 14. Nxb5 Qa5+ 15.
Nc3 Qxc3+ 16. Bd2 Qd4 17. O-O Nxe4 18. Be3 Qxd1 19. Rfxd1 g5 20. Bd5 Ra4 21.
Bxe4 Rxe4 22. a4 Bg7 23. Ra2 Bd4 24. Bxd4 Rxd4 25. Rxd4 cxd4 26. a5 O-O 27. a6
Nc6 28. a7 Ra8 29. Ra6 Nxa7 30. Rxd6 Rc8 31. Rxd4 Rxc2 32. Ra4 Nb5 33. Rb4 Nc3
34. f3 Ne2+ 35. Kh1 Nf4 36. h4 Nxg2 37. hxg5 hxg5 38. Rg4 Ne1 39. Rxg5+ Kf8 40.
f4 Nd3 41. f5 f6 42. Rh5 Rc5 43. Kh2 Nf4 44. Rh4 Rxf5 45. Kg3 Ng6 46. Rg4 Kf7
47. Ra4 Rg5+ 48. Kf3 Ne5+ 49. Kf2 Kg6 50. Kf1 Rf5+ 51. Kg2 Kg5 52. Kg3 Rf3+ 53.
Kg2 f5 54. Ra5 Re3 55. Kf2 f4 56. Rd5 Kg4 57. Rd8 Nd3+ 58. Kf1 Re1+ 59. Kg2 f3+
60. Kh2 Re2+ 61. Kg1 f2+ 0-1

[Event "Challenge"]
[Site "http://www.queenalice.com/game.php?id=1573984"]
[Date "2019.6.10"]
[Round "-"]
[White "conan"]
[Black "WLAO"]
[Result "1-0"]
[WhiteElo "1855"]
[BlackElo "1623"]

1. e4 Nc6 2. c3 g6 3. f4 Bh6 4. g4 Bxf4 5. Nh3 Be5 6. d4 Bg7 7. g5 d5 8. e5 e6
9. b4 b6 10. a4 Nge7 11. a5 b5 12. Bxb5 O-O 13. Bd3 a6 14. Nf2 Bd7 15. h4 h5 16.
gxh6 Bh8 17. Ng4 Kh7 18. Bg5 Qe8 19. h5 Rg8 20. Bf6 Nf5 21. Bxh8 Qd8 22. Nf6+
Kxh8 23. Nxg8 Qxg8 24. hxg6 fxg6 25. Bxf5 exf5 26. Nd2 Qf7 27. Qf3 Kh7 28. O-O-O
Be6 29. Qf4 Rb8 30. Nf3 Nxb4 31. Ng5+ Kh8 32. Nxf7+ Bxf7 33. cxb4 Rxb4 34. Rd2
Ra4 35. Kb1 Rxa5 36. e6 Bxe6 37. Qxc7 Rb5+ 38. Rb2 Rxb2+ 39. Kxb2 a5 40. Qd8+
Bg8 41. h7 Kg7 42. hxg8=Q# 1-0

[Event "Challenge"]
[Site "http://www.queenalice.com/game.php?id=1574737"]
[Date "2019.6.17"]
[Round "-"]
[White "jorm"]
[Black "conan"]
[Result "0-1"]
[WhiteElo "1861"]
[BlackElo "1870"]

1. c4 e5 2. Nc3 c6 3. a3 a5 4. Nf3 f6 5. e4 g5 6. h3 b6 7. d4 d6 8. dxe5 dxe5 9.
Be3 Qxd1+ 10. Rxd1 Nd7 11. g4 Ba6 12. h4 gxh4 13. Nxh4 Bh6 14. Nf5 Bxe3 15. Nxe3
O-O-O 16. Bh3 Nc5 17. O-O Rxd1 18. Rxd1 Kc7 19. b4 axb4 20. axb4 Ne6 21. b5 cxb5
22. cxb5 Bb7 23. g5 Nxg5 24. Ned5+ Kb8 25. Bf5 Nh6 26. Nxf6 Nxf5 27. exf5 Bc8
28. Na4 Bxf5 29. Nxb6 h5 30. Nbd7+ Bxd7 31. Nxd7+ Kc7 32. Nxe5 Kb6 33. Rb1 Rg8
34. Kf1 Ne4 35. Nd7+ Kc7 36. Ne5 Nd2+ 0-1

[Event "Challenge"]
[Site "http://www.queenalice.com/game.php?id=1576743"]
[Date "2019.7.9"]
[Round "-"]
[White "WLAO"]
[Black "conan"]
[Result "0-1"]
[WhiteElo "1652"]
[BlackElo "1862"]

1. e4 e5 2. Nf3 f6 3. d4 exd4 4. Qxd4 c5 5. Qd5 Ne7 6. Qd6 Qb6 7. Qxb6 axb6 8.
e5 Nec6 9. exf6 gxf6 10. Bd3 d5 11. O-O c4 12. Be2 Bf5 13. Nbd2 Bxc2 14. a3 Nd7
15. Re1 O-O-O 16. Nh4 Bc5 17. Ndf3 Nde5 18. Nxe5 Nxe5 19. Bf4 Rhg8 20. b4 cxb3
21. Bxe5 fxe5 22. Rac1 d4 23. Bc4 Rgf8 24. Bxb3 Bxb3 25. Rxe5 d3 26. Rb1 Bxf2+
27. Kh1 Bxh4 28. Rb5 d2 29. R5xb3 d1=R+ 30. Rxd1 Rxd1# 0-1

[Event "Challenge"]
[Site "http://www.queenalice.com/game.php?id=1579746"]
[Date "2019.8.8"]
[Round "-"]
[White "WLAO"]
[Black "conan"]
[Result "1-0"]
[WhiteElo "1612"]
[BlackElo "1886"]

1. e4 e5 2. d3 h5 3. h3 d6 4. Nf3 f6 5. b3 g5 6. Bb2 b5 7. Na3 c6 8. Qe2 a5 9.
O-O-O Bh6 10. Kb1 Be6 11. d4 Qb6 12. d5 cxd5 13. Nxb5 d4 14. g3 Na6 15. Ba3 Nc5
16. Bg2 d3 17. Rxd3 Qxb5 18. Rhd1 Nxd3 19. Rxd3 Kf7 20. Qd1 Bf8 21. Bb2 Qc5 22.
Rc3 Qxf2 23. Bh1 Bxh3 24. Rc7+ Kg6 25. Nd2 Qxg3 26. Nc4 Bg2 27. Bxg2 Qxg2 28.
Qd5 Ra6 29. Qf7+ Kh6 30. Qxf8+ Kg6 31. Qg7# 1-0

[Event "Challenge"]
[Site "http://www.queenalice.com/game.php?id=1580401"]
[Date "2019.8.15"]
[Round "-"]
[White "conan"]
[Black "jorm"]
[Result "1-0"]
[WhiteElo "1859"]
[BlackElo "1832"]

1. e4 e5 2. c3 a6 3. h4 Nf6 4. f3 Nc6 5. g4 h6 6. b4 b5 7. d3 d5 8. Bd2 d4 9.
Qb3 Be6 10. c4 bxc4 11. dxc4 Nd7 12. Qa4 Ncb8 13. b5 Nb6 14. Qc2 c5 15. a4 a5
16. h5 f6 17. Bd3 Be7 18. Na3 O-O 19. O-O-O N8d7 20. Ne2 Re8 21. Ng3 Nf8 22. Nf5
Bxf5 23. exf5 Nh7 24. Rhe1 Nd7 25. Be4 Ra7 26. Bd5+ Kh8 27. Qb2 Nb6 28. Qb3 Ng5
29. Bxg5 fxg5 30. Rxe5 Bf6 31. Rxe8+ Qxe8 32. Nc2 Re7 33. Bc6 Qb8 34. Ne1 Re2
35. Nd3 Qd6 36. Re1 Rxe1+ 37. Nxe1 Qf4+ 38. Kd1 Qb8 39. Nd3 Qd6 40. Bd5 Nxd5 41.
cxd5 Qb6 42. Ke2 Kh7 43. Qc2 Qd6 44. Qxc5 Qh2+ 45. Nf2 Qf4 46. b6 d3+ 47. Nxd3
Qxa4 48. b7 Qa2+ 49. Ke3 Qb3 50. Qc7 Qxd5 51. b8=Q Bd4+ 52. Ke2 Qa2+ 53. Kf1 Qd2
54. Qb3 Qe3 55. Qg3 a4 56. Qc2 a3 57. Nb4 Be5 58. Qgf2 Qf4 59. Nd5 1-0

[Event "Challenge"]
[Site "http://www.queenalice.com/game.php?id=1587827"]
[Date "2019.10.24"]
[Round "-"]
[White "jorm"]
[Black "conan"]
[Result "1-0"]
[WhiteElo "1835"]
[BlackElo "1889"]

1. d4 d5 2. Nc3 c6 3. h3 h5 4. a3 a5 5. b3 b5 6. a4 b4 7. Nb1 Ba6 8. Nd2 g5 9.
g3 Nf6 10. f3 e6 11. g4 hxg4 12. fxg4 Ne4 13. Nxe4 Be7 14. Ng3 c5 15. Bb2 f6 16.
Nf3 Bd6 17. Rg1 c4 18. c3 bxc3 19. Bxc3 Qb6 20. Rb1 Bb4 21. Bxb4 Qxb4+ 22. Kf2
c3 23. Qc2 Kd7 24. Kg2 Nc6 25. e3 Bxf1+ 26. Rgxf1 Rae8 27. Ne2 e5 28. dxe5 Nxe5
29. Nfd4 Rhf8 30. Nxc3 Nc6 31. Qf5+ Kd6 32. Qxd5+ Kc7 33. Ncb5+ 1-0

[Event "Brasileirão-2"]
[Site "http://www.queenalice.com/game.php?id=1587836"]
[Date "2019.10.24"]
[Round "1"]
[White "MADMIKE"]
[Black "conan"]
[Result "0-1"]
[WhiteElo "1842"]
[BlackElo "1874"]

1. d4 d5 2. Nc3 c6 3. e4 e6 4. a3 b5 5. e5 a5 6. Nf3 h6 7. Be2 g5 8. O-O a4 9.
b4 axb3 10. cxb3 b4 11. Nb1 Ba6 12. a4 f5 13. Bxa6 Nxa6 14. Qc2 c5 15. dxc5 Bxc5
16. Be3 Rc8 17. Qd3 Rc6 18. Nd4 Bxd4 19. Bxd4 Qc8 20. Nd2 Ne7 21. Qe2 Rc2 22.
Qh5+ Kd7 23. Qe2 Nc6 24. Qd3 Nxd4 25. h3 Qc3 26. Qxa6 Rxd2 27. Qd6+ Kc8 28. Qa6+
Kd7 29. Qa7+ Qc7 30. Qa6 Nxb3 31. Rab1 Nc5 32. Qb5+ Qc6 33. Qxb4 Re2 34. a5 Rxe5
35. Qc3 Qc7 36. Rb5 Na6 37. Qa1 Rb8 38. Rxb8 Nxb8 39. a6 Nc6 40. Rb1 Kc8 41. Rc1
d4 42. Qa3 Rd5 43. Qf8+ Rd8 44. Qxh6 Kd7 45. Qxg5 Ra8 46. Qg7+ Kd6 47. Qg3+ e5
48. Qg6+ Kd5 49. Qxf5 Rxa6 50. f3 Qd6 51. Rb1 Ne7 52. Rb5+ Kc4 53. Qb1 Qa3 54.
Rxe5 Qa1 55. Re1 Qxb1 56. Rxb1 Nd5 57. Kf2 Ra2+ 58. Kg3 Ne3 59. Rg1 d3 60. h4 d2
61. h5 d1=Q 62. Rxd1 Nxd1 63. f4 Ne3 64. Kh4 Nxg2+ 65. Kg4 Ne3+ 66. Kg5 Rg2+ 67.
Kf6 Ng4+ 68. Kf7 Nh6+ 69. Kf6 Kd5 70. f5 Rg4 71. Ke7 Nxf5+ 72. Kf6 Nh6 0-1

[Event "Challenge"]
[Site "http://www.queenalice.com/game.php?id=1592619"]
[Date "2019.12.10"]
[Round "-"]
[White "conan"]
[Black "jorm"]
[Result "0-1"]
[WhiteElo "1830"]
[BlackElo "1803"]

1. e4 c5 2. c4 Nc6 3. Nf3 e5 4. a3 d6 5. Nc3 h6 6. h3 a6 7. Nd5 Nf6 8. Nxf6+
Qxf6 9. d3 Bd7 10. g4 Nd4 11. Nxd4 cxd4 12. h4 Qe7 13. h5 f6 14. Bh3 O-O-O 15.
b4 b6 16. a4 d5 17. exd5 Qxb4+ 18. Bd2 Qd6 19. Qb3 Qc7 20. Bb4 Bd6 21. Rc1 Bc5
22. Ke2 a5 23. Bd2 Rde8 24. f3 Qd6 25. Rb1 e4 26. dxe4 Qg3 27. Rbg1 d3+ 28. Qxd3
Qf2+ 29. Kd1 Bxa4+ 30. Kc1 Bb4 31. Rg2 Qc5 32. g5+ Kb7 33. Bxb4 axb4 34. gxf6
gxf6 35. Rb2 Re7 36. Bf1 b5 37. Qd2 b3 38. Qc3 b4 39. Qd2 f5 40. exf5 Qe3 41.
Qxe3 Rxe3 42. Be2 Rf8 43. Rg1 Rxf5 44. Rg7+ Kb8 45. d6 Re8 46. Re7 Rd8 47. d7
Kc7 48. Rd2 Rxd7 49. Rexd7+ Bxd7 50. Kb2 Ba4 51. Rd5 Rxd5 52. cxd5 Kd6 53. Bc4
Kc5 54. Bxb3 Bb5 55. Kc2 Be2 56. f4 Bxh5 57. Kd3 Bf3 58. d6 Kxd6 59. Kc4 Bd5+
60. Kxb4 Bxb3 61. Kxb3 h5 62. Kc3 h4 63. f5 Ke7 64. Kd3 h3 65. Ke4 h2 66. Ke5
Kf7 67. f6 h1=Q 0-1

[Event "Brasileirão-2"]
[Site "http://www.queenalice.com/game.php?id=1594266"]
[Date "2019.12.27"]
[Round "2"]
[White "marcomasao"]
[Black "conan"]
[Result "1-0"]
[WhiteElo "1966"]
[BlackElo "1871"]

1. e4 e5 2. Bc4 h5 3. Nf3 d6 4. Nc3 c6 5. h4 Bg4 6. d3 b5 7. Bb3 a5 8. a3 Nd7 9.
a4 Rb8 10. Be3 Nc5 11. Bxc5 dxc5 12. axb5 cxb5 13. Nd5 a4 14. Ba2 Nf6 15. Qe2
Nxd5 16. Bxd5 Be7 17. Qe3 Bxf3 18. Qxf3 Bf6 19. Bc6+ Kf8 20. Bd5 Qa5+ 21. c3 b4
22. b3 bxc3 23. O-O Qd8 24. Rxa4 Ra8 25. Rxa8 Qxa8 26. Bxa8 Bxh4 27. Bd5 Bf6 28.
Rc1 h4 29. Rxc3 c4 30. Rxc4 Ke7 31. Rc7+ Kd6 32. Rb7 Rc8 33. Qe3 g5 34. Qb6+ 1-0

[Event "Challenge"]
[Site "http://www.queenalice.com/game.php?id=1596814"]
[Date "2020.1.20"]
[Round "-"]
[White "conan"]
[Black "marcomasao"]
[Result "0-1"]
[WhiteElo "1859"]
[BlackElo "2005"]

1. e4 e5 2. c3 Bc5 3. b4 Bb6 4. h4 Nf6 5. f3 Nc6 6. g4 Qe7 7. a4 a6 8. a5 Ba7 9.
b5 axb5 10. Bxb5 Qc5 11. Bxc6 Qf2# 0-1

[Event "Challenge"]
[Site "http://www.queenalice.com/game.php?id=1597325"]
[Date "2020.1.25"]
[Round "-"]
[White "marcomasao"]
[Black "conan"]
[Result "1-0"]
[WhiteElo "1927"]
[BlackElo "1849"]

1. e4 e5 2. Bc4 h5 3. Nf3 f6 4. Nc3 c6 5. Qe2 b5 6. Bb3 g5 7. h3 h4 8. d3 Bb4 9.
Bd2 a5 10. a3 Bc5 11. Be3 Qb6 12. Bxc5 Qxc5 13. Qd2 a4 14. Ba2 b4 15. axb4 Qxb4
16. O-O Qxb2 17. Rfb1 Qa3 18. Bf7+ Kxf7 19. Rxa3 d6 20. Rb4 g4 21. hxg4 Bxg4 22.
Nh2 Be6 23. Rb7+ Nd7 24. Rxa4 Rxa4 25. Nxa4 h3 26. Qe3 hxg2 27. Qa7 Ne7 28. Nb6
Rd8 29. Nxd7 Bxd7 30. Rxd7 Rxd7 31. Qxd7 d5 32. Kxg2 dxe4 33. dxe4 Kf8 34. Ng4
1-0

[Event "Challenge"]
[Site "http://www.queenalice.com/game.php?id=1597326"]
[Date "2020.1.25"]
[Round "-"]
[White "conan"]
[Black "marcomasao"]
[Result "0-1"]
[WhiteElo "1836"]
[BlackElo "1952"]

1. e4 e5 2. c3 Bc5 3. b4 Bb6 4. a4 a5 5. b5 d5 6. d3 d4 7. g4 h6 8. h4 Nf6 9. f3
dxc3 10. Nxc3 Be6 11. g5 Nh5 12. gxh6 gxh6 13. Nge2 Nd7 14. Ba3 Qf6 15. Bh3 Qxf3
16. Bxe6 Qxh1+ 17. Kd2 Qxd1+ 18. Rxd1 fxe6 19. Rf1 O-O-O 20. Be7 Rdg8 21. Rf3
Rg2 22. Nd1 Nf4 23. Nc3 Rh2 24. Kd1 Rg8 25. Rg3 Rxg3 26. Nxg3 Nxd3 27. Nge2 Be3
28. Kc2 Nf4 29. Kd1 Nb6 30. Nxf4 exf4 31. e5 f3 32. Ne4 Nd5 33. Bd6 cxd6 34.
Nxd6+ Kb8 35. Nc4 Bf4 36. Nxa5 Nb4 37. Nc4 Rh1# 0-1

[Event "Challenge"]
[Site "http://www.queenalice.com/game.php?id=1599515"]
[Date "2020.2.14"]
[Round "-"]
[White "marcomasao"]
[Black "conan"]
[Result "1-0"]
[WhiteElo "1991"]
[BlackElo "1797"]

1. e4 e5 2. Bc4 c6 3. Nf3 f6 4. Nc3 b5 5. Bb3 a5 6. a3 a4 7. Ba2 g5 8. h3 b4 9.
axb4 Bxb4 10. Qe2 Ba6 11. d3 Qa5 12. Bd2 Ne7 13. Nxa4 Bxd2+ 14. Nxd2 d5 15. Bb3
Nd7 16. Ra3 Nc5 17. Qh5+ Ng6 18. Nxc5 Qxc5 19. exd5 cxd5 20. Qf3 Ke7 21. Qxd5
Qxd5 22. Bxd5 Ra7 23. Ne4 Nf4 24. Nc5 Nxd5 25. Nxa6 Rc8 26. c3 Nf4 27. Kd2 Nxg2
28. b4 Nf4 29. h4 g4 30. Rha1 h5 31. Nc5 Rxa3 32. Rxa3 Nd5 33. Ra7+ Rc7 34.
Rxc7+ Nxc7 35. Ke3 Nd5+ 36. Kd2 f5 37. b5 Kd6 38. Nb3 f4 39. c4 g3 40. fxg3 fxg3
41. Ke2 Nf4+ 42. Kf1 g2+ 43. Kf2 Nxd3+ 44. Kxg2 Nc5 45. Nxc5 Kxc5 46. Kf3 Kxc4
47. b6 e4+ 48. Kxe4 1-0

[Event "Challenge"]
[Site "http://www.queenalice.com/game.php?id=1599516"]
[Date "2020.2.14"]
[Round "-"]
[White "conan"]
[Black "marcomasao"]
[Result "0-1"]
[WhiteElo "1789"]
[BlackElo "1944"]

1. e4 e5 2. c3 Bc5 3. b4 Bb6 4. d4 exd4 5. cxd4 d6 6. h4 h5 7. f3 Nc6 8. Bb5 Bd7
9. Ne2 Nxb4 10. Bxd7+ Qxd7 11. Na3 Nf6 12. Qb3 a5 13. Nc4 Qb5 14. O-O Nh7 15.
Nxb6 Qxb6 16. a3 Nc6 17. Qxb6 cxb6 18. Bf4 Ke7 19. Nc3 Nf6 20. Bg5 Kd7 21. Nd5
Nxd5 22. exd5 Nxd4 23. Ra2 Nf5 24. g4 Nd4 25. Rb2 f6 26. Be3 Nxf3+ 27. Rxf3 hxg4
28. Rf4 Rxh4 29. Rxb6 Rb8 30. Bf2 Rh5 31. Rxg4 Rxd5 32. Rxg7+ Ke6 33. Rbxb7 Rc8
34. a4 Rc4 35. Rge7+ Kf5 36. Rb5 Re5 37. Rexe5+ fxe5 38. Rxa5 Kg4 39. Kg2 Rc2
40. Rd5 e4 41. Rd4 d5 42. a5 Kf4 43. a6 Ra2 44. a7 Rxa7 45. Rxd5 Ra2 46. Kf1 e3
47. Rd4+ Kf3 48. Be1 e2+ 49. Kg1 Ra1 50. Rd3+ Ke4 51. Rd2 Ke3 52. Rb2 Rxe1+ 53.
Kg2 Rd1 54. Rb3+ Kd4 55. Rb4+ Kc3 56. Re4 e1=Q 57. Rxe1 Rxe1 58. Kf3 Kd3 59. Kf4
Re4+ 60. Kf5 Kd4 61. Kf6 Re5 62. Kf7 Kd5 63. Kf6 Kd6 64. Kf7 Re6 65. Kg7 Ke7 66.
Kg8 Kf6 67. Kf8 Re7 68. Kg8 Ra7 69. Kh8 Kg6 70. Kg8 Ra8# 0-1

[Event "Brasileirão-2"]
[Site "http://www.queenalice.com/game.php?id=1601357"]
[Date "2020.3.1"]
[Round "3"]
[White "conan"]
[Black "edsonjob"]
[Result "1-0"]
[WhiteElo "1825"]
[BlackElo "1546"]

1. e4 c5 2. c4 Nc6 3. a3 d6 4. Nf3 h6 5. Nc3 a6 6. d4 Nf6 7. Nd5 Nxe4 8. Nd2 Bf5
9. Nxe4 Bxe4 10. f3 Bf5 11. g4 Be6 12. dxc5 dxc5 13. h4 g6 14. Bf4 Ra7 15. Nc7+
1-0

[Event "Brasileirão-2"]
[Site "http://www.queenalice.com/game.php?id=1607844"]
[Date "2020.4.16"]
[Round "4"]
[White "conan"]
[Black "Bigchess"]
[Result "0-1"]
[WhiteElo "1813"]
[BlackElo "1812"]

1. e4 e5 2. c3 d6 3. h3 f5 4. d3 Nf6 5. f3 f4 6. b4 Be7 7. d4 O-O 8. Qb3+ Kh8 9.
d5 Nbd7 10. a4 b6 11. Bb5 a6 12. Bc6 Rb8 13. Ne2 Bb7 14. a5 Rg8 15. g4 Bxc6 16.
dxc6 Nf8 17. b5 bxa5 18. Rxa5 axb5 19. Rxb5 Rxb5 20. Qxb5 Ng6 21. Nd2 d5 22. g5
Nh5 23. Qxd5 Ng3 24. Qxd8 Rxd8 25. Nxg3 fxg3 26. Rg1 Bxg5 27. Rxg3 Bh4 28. Nf1
Bxg3+ 29. Nxg3 Rd3 30. Nf5 Rxc3 0-1

[Event "Challenge"]
[Site "http://www.queenalice.com/game.php?id=1616451"]
[Date "2020.6.13"]
[Round "-"]
[White "marcomasao"]
[Black "conan"]
[Result "1-0"]
[WhiteElo "1928"]
[BlackElo "1779"]

1. e4 e5 2. Bc4 c6 3. Nf3 f6 4. Nc3 b5 5. Bb3 Nh6 6. d3 g5 7. h3 a5 8. a3 a4 9.
Ba2 d6 10. Qe2 g4 11. hxg4 Bxg4 12. Bxh6 Bxh6 13. Rxh6 Nd7 14. Rh4 h5 15. Kd2 f5
16. exf5 Bxf3 17. Qxf3 Qxh4 18. Qxc6 Qxf2+ 19. Ne2 Ke7 20. Be6 Nc5 21. Qc7+ Ke8
22. Bf7+ Kf8 23. Bg6 Nb3+ 24. cxb3 Qa7 25. Qxd6+ Qe7 26. Qc6 Kg7 27. Rf1 Qf6 28.
Qb7+ Kh6 29. Rh1 Kg5 30. Qf3 Kh6 31. Rxh5+ Kg7 32. Qb7+ 1-0

[Event "Challenge"]
[Site "http://www.queenalice.com/game.php?id=1624159"]
[Date "2020.8.18"]
[Round "-"]
[White "conan"]
[Black "marcomasao"]
[Result "0-1"]
[WhiteElo "1769"]
[BlackElo "2044"]

1. e4 e5 2. c3 Bc5 3. b4 Bb6 4. h4 Nf6 5. f3 d5 6. d3 d4 7. c4 c5 8. b5 a6 9. a4
axb5 10. cxb5 Bd7 11. Bd2 Bxb5 12. Bg5 h6 13. Bxf6 Qxf6 14. Nd2 Bc6 15. Nc4 Nd7
16. g3 Bc7 17. Bh3 b6 0-1

[Event "Challenge"]
[Site "http://www.queenalice.com/game.php?id=1635006"]
[Date "2020.12.2"]
[Round "-"]
[White "marcomasao"]
[Black "conan"]
[Result "1-0"]
[WhiteElo "2011"]
[BlackElo "1764"]

1. e4 e5 2. Bc4 a6 3. Nf3 b5 4. Bb3 f6 5. Qe2 g5 6. Nc3 c6 7. d4 exd4 8. Nxd4
Bb4 9. Bd2 Ne7 10. O-O a5 11. a3 Bc5 12. Qh5+ Ng6 13. Nf5 d5 14. Ng7+ Kf7 15.
Nf5 Qg8 16. Nh6+ 1-0